Bringing its own reward (Record no. 83133)
[ view plain ]
| 000 -LEADER | |
|---|---|
| fixed length control field | 00895cab a22002175a 4500 |
| 001 - CONTROL NUMBER | |
| control field | L152883 |
| 008 - FIXED-LENGTH DATA ELEMENTS--GENERAL INFORMATION | |
| fixed length control field | 110510e20110507xxk 000 0 eng d |
| 035 ## - SYSTEM CONTROL NUMBER | |
| System control number | (Sirsi) u152883 |
| 041 0# - LANGUAGE CODE | |
| Language code of text/sound track or separate title | eng |
| 100 1# - MAIN ENTRY--PERSONAL NAME | |
| Personal name | Redman, Nicholas |
| 245 00 - TITLE STATEMENT | |
| Title | Bringing its own reward |
| 260 ## - PUBLICATION, DISTRIBUTION, ETC. | |
| Date of publication, distribution, etc. | 2011 |
| 490 ## - SERIES STATEMENT | |
| Series statement | Estates Gazette |
| Volume/sequential designation | (1118) 7 May 2011, 103(1) |
| 520 ## - SUMMARY, ETC. | |
| Summary, etc. | Outlines key provisions of the RICS Service charges in commercial property code of practice including similarities between the 2006 and 2011 editions. The 2011 code also includes emphasis on communication and sustainability issues. |
| 590 ## - LOCAL NOTE (RLIN) | |
| Local note | KA |
| 650 24 - SUBJECT ADDED ENTRY--TOPICAL TERM | |
| Topical term or geographic name entry element | RICS SERVICE CHARGES IN COMMERCIAL PROPERTY CODE OF PRACTICE 2011 |
| 651 #4 - SUBJECT ADDED ENTRY--GEOGRAPHIC NAME | |
| Geographic name | United Kingdom |
| Chronological subdivision | |
| 690 ## - LOCAL SUBJECT ADDED ENTRY--TOPICAL TERM (OCLC, RLIN) | |
| Topical term or geographic name as entry element | PROPERTY-COMMERCIAL PROPERTY-LEASEHOLD COMMERCIAL PROPERTY-COMMERCIAL LANDLORD AND TENANT-COMMERCIAL SERVICE CHARGES |
| 700 1# - ADDED ENTRY--PERSONAL NAME | |
| Personal name | Bagust, Paul |
| 942 ## - ADDED ENTRY ELEMENTS (KOHA) | |
| Suppress in OPAC | 0 |
| Withdrawn status | Lost status | Source of classification or shelving scheme | Damaged status | Not for loan | Home library | Current library | Shelving location | Date acquired | Total Checkouts | Full call number | Barcode | Date last seen | Copy number | Price effective from | Koha item type |
|---|---|---|---|---|---|---|---|---|---|---|---|---|---|---|---|
| Dewey Decimal Classification | London | London | Journal article | 10/05/2011 | L152883 | 152883-1001 | 06/08/2019 | 1 | 06/08/2019 | Journal article |